| 000 | 01011nam a22002057a 4500 | ||
|---|---|---|---|
| 005 | 20240528154531.0 | ||
| 010 | _aHIN-127740 | ||
| 020 |
_c450.00 _a9788190892100 |
||
| 035 | _aHN-100086 | ||
| 037 | _bDBAD/PUB | ||
| 082 | _a920 | ||
| 100 |
_aराय, डॉ. देवेन्द्र कुमार _967013 |
||
| 245 |
_aविश्व के प्राचीन महान भौतिकीविद् / _cडॉ. देवेन्द्र कुमार राय _bउन्नीसवीं सदी से पूर्ववर्ती _hहिन्दी |
||
| 250 | _a1 | ||
| 260 |
_aदिल्ली _bप्रभास प्रकाशन _c2021 |
||
| 270 |
_a27/100, गली नंबर 7, विश्वास नगर, शाहदरा _bदिल्ली _e110032 |
||
| 300 |
_a142p.; _c22 सेमी (सजिल्द) |
||
| 700 |
_aडॉ. श्रवण कुमार तिवारी _967014 |
||
| 942 |
_2ddc _cHN _h920 _mराय |
||
| 999 |
_c203341 _d203341 |
||